Guide to damages. (Record no. 5906)

MARC details
000 -LEADER
fixed length control field 00423nam a22001577a 4500
008 - FIXED-LENGTH DATA ELEMENTS--GENERAL INFORMATION
fixed length control field 140630b xxu||||| |||| 00| 0 eng d
020 ## - INTERNATIONAL STANDARD BOOK NUMBER
International Standard Book Number 9-781-846-610-516
082 ## - DEWEY DECIMAL CLASSIFICATION NUMBER
Classification number 346.0323
Item number ALL
100 ## - MAIN ENTRY--PERSONAL NAME
Personal name Allen,Simon.
245 ## - TITLE STATEMENT
Title Guide to damages.
Statement of responsibility, etc Allen,Simon.
250 ## - EDITION STATEMENT
Edition statement 2nd ed.
260 ## - PUBLICATION, DISTRIBUTION, ETC. (IMPRINT)
Place of publication, distribution, etc Bristol,
Name of publisher, distributor, etc Jordan Publishing Limited.
Date of publication, distribution, etc 2008.
300 ## - PHYSICAL DESCRIPTION
Extent xxii,258 p,;
Dimensions 24 cm
521 ## - TARGET AUDIENCE NOTE
Target audience note includes index.
942 ## - ADDED ENTRY ELEMENTS (KOHA)
Source of classification or shelving scheme Dewey Decimal Classification
Item type Books
Holdings
Withdrawn status Lost status Source of classification or shelving scheme Damaged status Not for loan Home library Current library Shelving location Date acquired Total Checkouts Full call number Barcode Date last seen Copy number Price effective from Koha item type Public note
    Dewey Decimal Classification     Law Development Centre Main Library Law Development Centre Main Library Text Books and Laws 06/30/2014   346.0323 ALL 9939/2014 06/30/2014 1 06/30/2014 Books Reserve